Pays ayant participé à la coupe du monde 1998 - Statistiques

Statistiques générales
  • Ce quiz a été pris 282 fois
    253 depuis la dernière actualisation
  • Le résultat moyen est 24 sur 32
Statistiques - réponses
Hint Réponse % Correct
Europe France
99%
Amérique du Sud Argentine
96%
Amérique du Sud Brésil
96%
Europe Italie
96%
Europe Espagne
95%
Europe Angleterre
92%
Amérique du Sud Etats-unis
92%
Amérique du nord Mexique
92%
Europe Allemagne
91%
Asie Japon
89%
Afrique Maroc
85%
Amérique du Sud Chili
84%
Europe Belgique
80%
Europe Croatie
80%
Asie Corée du sud
77%
Europe Pays-bas
77%
Amérique du Sud Colombie
76%
Europe Danemark
71%
Afrique Afrique du Sud
68%
Afrique Cameroun
67%
Europe Norvège
64%
Afrique Tunisie
64%
Asie Arabie Saoudite
63%
Amérique du sud Paraguay
60%
Europe Autriche
59%
Europe Roumanie
57%
Europe Ecosse
55%
Afrique Nigeria
55%
Europe Bulgarie
52%
Asie Iran
52%
Amérique centrale Jamaique
44%
Europe Yougoslavie
35%
Aucun quiz correspondant
Distribution des résultats
% des personnes avec chaque résultat
Percentile par nombre de réponses
Votre historique - résultats
Vous n’avez pas pris ce quiz depuis la dernière actualisation